Marketing turístico / (Record no. 21389)

000 -CABECERA
fixed length control field 00862nam a22002297a 4500
003 - IDENTIFICADOR DEL NÚMERO DE CONTROL
control field AR-CdUCM
008 - DATOS DE LONGITUD FIJA--INFORMACIÓN GENERAL
fixed length control field 190524b ||||| |||| 00| 0 eng d
020 ## - NÚMERO INTERNACIONAL ESTÁNDAR DEL LIBRO
ISBN 9788490352922
040 ## - FUENTE DE LA CATALOGACIÓN
Agencia/entidad que catalogó originalmente la obra MUNICIPALIDAD PROVINCIAL DEL CUSCO
Entidad que transcribió la catalogación BIBLIOTECA MUNICIPAL DEL CUSCO
082 ## - NÚMERO DE LA CLASIFICACIÓN DECIMAL DEWEY
No. de Clasificación 658.8/K87M
Notacion interna K87M
No. de la edición sexta
100 ## - ENTRADA PRINCIPAL--NOMBRE DE PERSONA
Nombre Personal Kotler, Philip
245 ## - MENCIÓN DE TÍTULO
Título Marketing turístico /
260 ## - PUBLICACIÓN, DISTRIBUCIÓN, ETC.
Lugar de publicación, distribución, etc. Madrid ;
Nombre de la editorial, distribuidor, etc. Pearson,
Fecha de publicación, distribución, etc. 2015.
300 ## - DESCRIPCIÓN FÍSICA
Nº de Páginas Extensión 704 Páginas. :
Otros detalles físicos ilustraciones ;
Dimensiones 19x25 cm.
505 ## - NOTA DE CONTENIDO CON FORMATO
Nota de contenido formateada Contenido: Proceso de comprensión del proceso de maketing turístico -- Identificación de oportunidades y diseño de una estrategia de marketing -- Desarrollo del marketing mix para turismo ...
650 ## - PUNTO DE ACCESO ADICIONAL DE MATERIA--TÉRMINO DE MATERIA
Descriptor Administración
9 (RLIN) 44605
650 ## - PUNTO DE ACCESO ADICIONAL DE MATERIA--TÉRMINO DE MATERIA
Descriptor Marketing
9 (RLIN) 12422
650 ## - PUNTO DE ACCESO ADICIONAL DE MATERIA--TÉRMINO DE MATERIA
Descriptor Turismo
9 (RLIN) 44610
700 ## - PUNTO DE ACCESO ADICIONAL--NOMBRE DE PERSONA
Nombre Personal Bowen, John T
9 (RLIN) 44611
942 ## - ELEMENTOS DE PUNTO DE ACCESO ADICIONAL (KOHA)
Fuente de clasificación
Tipo de item Libros-BMC
945 ## - PROCESAMIENTO DE INFORMACIÓN LOCAL (OCLC)
Catalogador Roel
Holdings
Estado de retiro (separado) Fuente de clasificación o esquema de estanterías Estado dañado Ubicación Sala donde se ubica Nombre de la colección Fecha de adquisición o compra Fuente de adquisición Costo, precio normal en soles Signatura topográfica Código de Barras Última vez visto (Koha) Tipo de ítem (Koha)
No     Sala Ciencias Sala Ciencias Book Cart 2020-03-06 Compra 50.00 658.8/K87M SC0000002221 2020-03-06 Libros-BMC
No     Sala Ciencias Sala Ciencias Book Cart 2020-03-06 Compra 50.00 658.8/K87M/e.2 SC0000002222 2020-03-06 Libros-BMC

Powered by Koha